02604nam a2200361 a 4500001001200000003000800012006001900020007001500039008004100054010001700095020004300112020003800155020002700193040002100220035002100241043001200262050002500274245014000299260009800439300001700537504005100554505115800605533015201763650003001915650003401945651002901979655002902008700002402037700002102061710001702082856012602099999001702225ebr10404082CaPaEBRm u cr cn|||||||||100304s2010 nyu sb 001 0 eng d z 2010009116 z9780691147284 (hardcover : alk. paper) z9780691147291 (pbk. : alk. paper) z9781400836772 (e-book) aCaPaEBRcCaPaEBR a(OCoLC)650853987 an-us---14aBL2525b.R455 2010eb00aReligion and democracy in the United Statesh[electronic resource] :bdanger or opportunity? /cAlan Wolfe and Ira Katznelson, editors. aNew York :bRussell Sage Foundation ;aPrinceton, N.J. :bPrinceton University Press,cc2010. a[ix], 444 p. aIncludes bibliographical references and index.0 aPolitical science, democracy, and religion / Alan Wolfe -- Religious diversity and American democracy : a view from the polls / John C. Green -- Muslim Americans : enriching or depleting American democracy? / Amaney Jamal -- The constitutions of religious pluralism in the United States / Bette Novit Evans -- The political consequences of religiosity : does religion always cause political intolerance? / James L. Gibson -- The Christian right and civic virtue / Clyde Wilcox -- Religion and party activists : a "perfect storm" of polarization or a recipe for pragmatism? / Geoffrey C. Layman -- Entering the promised land? the rise of prosperity gospel and post-civil rights Black politics / Fredrick C. Harris -- This far by faith? : religion, gender, and efficacy / Allison Calhoun-Brown -- Religion and the political and civic lives of Latinos / David L. Leal -- Mobilizing religious differences in American politics / Kenneth D. Wald and David C. Leege -- Faith in America : political theory's logic of autonomy and logic of congruence / Nancy L. Rosenblum -- Reflections on religion, democracy, and the politics of good and evil / Ira Katznelson. aElectronic reproduction.bPalo Alto, Calif. :cebrary,d2010.nAvailable via World Wide Web.nAccess may be limited to ebrary affiliated libraries. 0aDemocracyzUnited States. 0aDemocracyxReligious aspects. 0aUnited StatesxReligion. 7aElectronic books.2local1 aWolfe, Alan,d1942-1 aKatznelson, Ira.2 aebrary, Inc.40uhttp://site.ebrary.com/lib/rucke/Doc?id=10404082zAn electronic book accessible through the World Wide Web; click to view c81156d81156